Canterbury Cathedral /

Guardado en:
Detalles Bibliográficos
Autor principal: Shirley, John (autor)
Formato: Libro
Idioma:Inglés
Publicado: Londres, Inglaterra : Pitkin Pictorials, 1972, c1972
Etiquetas: Agrega una etiqueta
Sin etiquetas, Sé el primero en etiquetar este registro!

MARC

LEADER 00000nam^a2200000^a^4500
001 000553909
005 20250526000000.0
009 20260310131646.507
037 |a Acervo ITESO - Biblioteca 
041 |a ING 
091 |a FHA. 00442 
100 |a Shirley, John  |e (autor) 
245 1 0 |a Canterbury Cathedral / 
264 4 |a Londres, Inglaterra :  |b Pitkin Pictorials,  |c 1972, c1972 
300 |a 24 p. ;  |c 23.0 cm. 
336 |a texto  |b txt  |2 rdacontenido 
337 |a sin mediación  |b n  |2 rdamedio 
338 |a volumen  |b nc  |2 rdasoporte 
515 |a Inventario familia Hartung: 607 
649 |a XX 
910 |a Fondo Horst Hartung Franz 
920 |a Impresos - Libros 
930 |a Libros Antiguos y Raros 
905 |a 135 
901 |a 0500332430  |b IT2  |c LRA  |i D  |u 20250526 
902 |a https://opac.biblio.iteso.mx/vufind/Record/000553909